[Event "20. Dolomitenbank Open-A 2019"]
[Site "Lienz"]
[Date "2019.02.11"]
[Round "4.1"]
[White "Solodovnichenko, Yuri"]
[Black "Mesaros, Florian"]
[Result "1-0"]
[WhiteElo "2574"]
[BlackElo "2449"]
[Annotator "TA"]
[PlyCount "73"]
[EventDate "2019.02.09"]
[EventType "swiss"]
[EventCountry "AUT"]
[SourceTitle "playchess.com"]
[Source "ChessBase"]
[SourceQuality "1"]

{[%evp 14,73,27,0,29,47,20,23,37,31,31,29,24,35,51,28,47,-1,25,30,83,93,152,136,139,168,166,154,175,54,139,22,12,11,104,109,95,86,74,85,94,81,91,74,80,89,88,100,121,131,150,153,29987,29988,29988,29989,29993,29994,29994,29995,29995,29996]} 1. e4 e5 2. Nf3 Nc6 3. Bb5 a6 4. Ba4 Nf6 5. d3 d6 6. c4 Be7 {[%cal Bf8e7,Be7f6,Bf6g7][%mdl 32] C77: Ruy Lopez: 3...a6 4 Ba4 Nf6, unusual lines} 7. h3 Nd7 8. Be3 {LiveBook: 4 Games} Nf8 $146 {The position is equal.} ({Predecessor:} 8... Bf6 9. Nc3 Nd4 10. Bxd4 exd4 11. Bxd7+ Bxd7 12. Ne2 c5 13. Nh2 b5 14. O-O bxc4 15. dxc4 {0-1 (46) Nikitenko,M (2369)-Alekseev,E (2614) St Petersburg 2017}) 9. d4 exd4 10. Nxd4 Bd7 11. Nf5 {[%cal Rf5g7]} Bf6 12. Nc3 g6 13. Nh6 Ne6 14. Nd5 {Black must now prevent Qf3.} Bg7 15. Rc1 Nc5 16. O-O Nxa4 (16... Ne5 $11 17. Bxd7+ Ncxd7) 17. Qxa4 $16 Nd4 (17... b6 $142) 18. Qd1 c5 19. b4 Rc8 20. bxc5 dxc5 21. e5 (21. Re1 $18) 21... Bc6 (21... Be6 $1 $14) 22. Qd2 (22. Ng4 $16) 22... Bxd5 $11 23. cxd5 Qxd5 (23... Bxh6 $1 $11 24. Bxh6 Qxd5) 24. Bxd4 $1 $16 {Be3 is the strong threat.} Rd8 25. Qf4 Bxh6 26. Qxh6 cxd4 27. Qg7 Rf8 28. e6 ({But not} 28. Qxh7 $6 d3 $15) 28... fxe6 29. Qxh7 $40 {[%mdl 128] White goes for the king.} Rf7 30. Qxg6 Kf8 31. Rfe1 e5 32. Re4 {aiming for Qh6+.} Rg7 $2 (32... Qd6 $16 33. Qh5 Qf6) 33. Qf6+ {White mates.} Kg8 {[#]} 34. Rc7 $1 {[%csl Gc7][%cal Rf6g7][%mdl 512]} Rxg2+ (34... Rxc7 35. Rg4+) 35. Kxg2 {[%csl Gc7][%cal Rf6g7]} Qxe4+ 36. Kg1 {[%cal Rf6d8]} Qe1+ 37. Kh2 {Precision: White = 49%, Black = 32%.} 1-0

[Event "20. Dolomitenbank Open-A 2019"]
[Site "Lienz"]
[Date "2019.02.11"]
[Round "4.2"]
[White "Kunin, Vitaly"]
[Black "Injac, Teodora"]
[Result "1-0"]
[WhiteElo "2531"]
[BlackElo "2325"]
[Annotator "TA"]
[PlyCount "79"]
[EventDate "2019.02.09"]
[EventType "swiss"]
[EventCountry "AUT"]
[SourceTitle "playchess.com"]
[Source "ChessBase"]
[SourceQuality "1"]

{[%evp 22,79,26,32,63,61,75,85,141,126,126,118,121,52,81,85,84,48,73,32,89,73,111,83,120,135,104,-7,97,87,189,181,163,166,137,28,82,73,125,116,120,123,125,125,111,111,99,102,130,129,140,135,123,91,117,117,477,466,646,646]} 1. d4 Nf6 2. Nf3 g6 3. g3 Bg7 4. Bg2 O-O 5. O-O d6 6. a4 a5 7. Nc3 Nbd7 8. e4 e5 9. Re1 Re8 10. h3 c6 11. Be3 Qc7 {B07: Pirc Defence: Miscellaneous Systems} (11... exd4 12. Bxd4 Qc7 13. Qd2 Ne5 14. Nh2 Nc4 15. Qg5 Qd8 16. Na2 h6 17. Qc1 c5 18. Bc3 Nb6 19. b3 d5 20. exd5 Nbxd5 {½-½ (39) Rapport,R (2720)-Mamedyarov,S (2747) Reykjavik 2016}) 12. d5 {LiveBook: 5 Games} Nc5 13. Nd2 Rb8 $146 {White is slightly better.} ({Predecessor:} 13... Nfd7 14. Nc4 Bf8 15. Qd2 Nb6 16. Nxb6 Qxb6 17. Rad1 {½-½ (65) Appel,R (2535)-Gonzalez Perez,A (2452) Porto 2012}) 14. Nc4 b5 (14... Bf8 $142) 15. axb5 $16 cxb5 16. Nxa5 b4 17. Ne2 (17. Na4 $1 $16) 17... Nfxe4 18. Nc6 {c3 is the strong threat.} Rb7 19. Ra8 f5 20. Qa1 Qf7 {[#]} (20... Rf8 $14) 21. Qa5 $1 {Strongly threatening Bxe4.} Bf6 22. Nxb4 Bd8 23. Qa3 Bb6 24. Nd3 (24. Nc3 $16) 24... Nxd3 (24... Nd7 $1 $11) 25. cxd3 Nf6 (25... Bxe3 $16 26. fxe3 Nc5) 26. Qxd6 $18 Bxe3 27. fxe3 Rxb2 {[#]} 28. Qa3 (28. Qc6 $1 $16 Qf8 29. Qc3) 28... Rc2 (28... Qb7 $11 {remains equal.}) 29. Qb3 $16 Rc7 (29... Qb7 $142 30. Qxc2 Qxa8) 30. Rea1 Bb7 31. Rxe8+ Nxe8 32. e4 Nd6 33. Qb6 $36 {[%mdl 2048] Black is under strong pressure.} Qe7 34. Rc1 Rd7 35. Kh2 Kg7 36. Re1 Qf6 37. Qb2 Re7 38. exf5 Qxf5 $2 {[%mdl 8192] [#]} (38... Nxf5 $16 {is a better chance.} 39. Qd2 Rf7) 39. Nd4 $1 $18 {[%mdl 512]} Qf7 (39... exd4 40. Rxe7+) 40. Ne6+ {Precision: White = 68%, Black = 17%.} 1-0

[Event "20. Dolomitenbank Open-A 2019"]
[Site "Lienz"]
[Date "2019.02.11"]
[Round "4.3"]
[White "Ruff, Maximilian"]
[Black "Ankit, R. Rajpara"]
[Result "1/2-1/2"]
[WhiteElo "2312"]
[BlackElo "2451"]
[Annotator "TA"]
[PlyCount "62"]
[EventDate "2019.02.09"]
[EventType "swiss"]
[EventCountry "AUT"]
[SourceTitle "playchess.com"]
[Source "ChessBase"]
[SourceQuality "1"]

{[%evp 14,62,0,0,7,-40,-38,-60,11,-19,-22,-16,0,0,0,-31,-22,-32,-30,-31,-35,-42,-30,-38,-19,-39,-14,-35,-18,-5,0,-12,0,0,0,0,0,0,0,0,0,0,25,0,35,0,83,87,91,89,87]} 1. d4 Nf6 2. c4 e6 3. Nc3 Bb4 4. Qc2 O-O 5. Nf3 d6 6. Bd2 b6 7. e3 Bb7 8. Bd3 c5 {E21: Nimzo-Indian: 4 Nf3} 9. a3 Bxc3 10. Bxc3 Nbd7 ({Better is} 10... cxd4 $1 $15 11. exd4 (11. Nxd4 e5 $15) 11... Bxf3 12. gxf3 Nc6) 11. Qe2 $146 ({Predecessor:} 11. Ng5 h6 12. Nh7 Nxh7 13. Bxh7+ Kh8 14. Be4 Bxe4 15. Qxe4 d5 16. Qd3 dxc4 17. Qxc4 cxd4 18. Qxd4 {½-½ (28) Vitiugov,N (2721)-Duda,J (2660) Tallinn 2016}) 11... cxd4 12. exd4 d5 13. b3 Qc7 14. Rc1 dxc4 15. bxc4 Nh5 16. O-O Nf4 17. Qe3 Nxd3 18. Qxd3 Qf4 19. Bd2 Qe4 20. Qb3 Qg4 21. h3 Qh5 22. Rc3 Nf6 23. Re3 {Strongly threatening Re5.} Bxf3 24. Rxf3 Rfd8 25. Rd3 Ne4 26. Be3 Rac8 27. Rfd1 Nf6 28. Bf4 Qa5 29. Be5 Ne8 {[#]} (29... Nd7 $11) 30. d5 $1 $16 exd5 31. cxd5 Qc5 {Accuracy: White = 58%, Black = 51%.} 1/2-1/2

[Event "20. Dolomitenbank Open-A 2019"]
[Site "Lienz"]
[Date "2019.02.11"]
[Round "4.4"]
[White "Sadhwani, Raunak"]
[Black "Meier, Volker"]
[Result "1/2-1/2"]
[WhiteElo "2448"]
[BlackElo "2271"]
[Annotator "TA"]
[PlyCount "124"]
[EventDate "2019.02.09"]
[EventType "swiss"]
[EventCountry "AUT"]
[SourceTitle "playchess.com"]
[Source "ChessBase"]
[SourceQuality "1"]

{[%evp 10,124,18,27,60,59,62,66,60,70,83,43,45,42,46,30,31,32,28,20,32,18,17,3,16,0,2,-40,-41,-61,-18,-73,-68,-82,-77,-70,-66,-62,0,0,0,-29,-28,-33,0,0,0,0,24,0,0,0,0,0,0,0,4,14,0,7,2,12,31,7,11,0,0,0,0,-53,18,18,30,26,32,0,0,0,0,0,0,0,0,0,0,0,0,0,0,-8,0,0,0,-147,-142,-219,0,-183,0,-145,-140,-210,-209,-199,-89,-162,0,0,0,0,0,0,-8,-8,0,0,0]} 1. e4 e5 2. Bc4 Nf6 3. Nc3 Bb4 4. Nf3 Nc6 5. O-O O-O 6. Nd5 d6 {C42: Petroff Defence: 3 Nxe5 and unusual White 3rd moves} 7. c3 Ba5 8. b4 Bb6 $1 {White is slightly better.} 9. a4 a6 10. Nxb6 (10. d4 {with more complications.} exd4 11. Bg5 dxc3 12. Rc1 Re8 13. Re1) 10... cxb6 11. d3 h6 $146 ({Predecessor:} 11... Bg4 12. h3 Bh5 13. g4 Bg6 14. Bg5 {1-0 (41) Szmetan,J (2435)-Castelli,R Santos Lugares 1977}) 12. Qb3 Ne7 13. b5 axb5 14. Bxb5 Be6 15. Qb1 Qc7 16. Ba3 Rfd8 17. Qb2 Ng6 18. Rfe1 d5 19. Nd2 dxe4 20. Nxe4 (20. dxe4 $11 {keeps the balance.} Nf4 21. Qc2) 20... Nxe4 $17 21. Rxe4 Bd5 22. Re3 Nf4 23. g3 Ng6 (23... Nh3+ $15 24. Kf1 Bc6) 24. Rae1 Bc6 25. Bb4 Qd7 26. c4 Bxb5 27. axb5 Qf5 28. Qe2 Rd7 29. h4 h5 30. Bc3 {[%cal Rc3e5]} f6 31. Rd1 Rad8 32. Re4 Nf8 33. d4 Ne6 {[%cal Re6d4]} 34. d5 Nc5 35. Re3 Ra8 36. Bb4 Ra4 37. Bxc5 bxc5 38. f4 exf4 39. Rf1 (39. gxf4 $11 Rxc4 40. Qxc4 Qg4+ 41. Kf2 Qxd1 42. Re8+ Kh7 43. Qe4+ g6 44. Re7+ Rxe7 45. Qxe7+ {[%mdl 64] Double Attack} Kh6 46. Qxc5) 39... Rd8 (39... Qg6 $15 40. Rc3 fxg3) 40. Rxf4 $11 Qg6 41. Kh2 Ra1 42. Rfe4 Kh7 43. Qf2 Rda8 44. Re2 R8a3 45. R4e3 Ra4 46. Rc3 Rd1 $40 {[%mdl 128] Black is up to no good.} 47. Rd2 (47. Qxc5 {leads to mate.} Qe4 $1 {[%mdl 512]} 48. Rxe4 Ra2+ 49. Rc2 Rxc2+ 50. Re2 Rxe2+ 51. Qf2 Rxf2+ 52. Kh3 Rh1#) 47... Raa1 48. Rxd1 Rxd1 {[%mdl 4096] Endgame KQR-KQR} 49. Qc2 Rd4 50. Qe2 Qg4 51. Rf3 (51. Qxg4 $11 {remains equal.} hxg4 52. Kg1) 51... Rxc4 $17 52. Qd3+ (52. Rf2 $17) 52... Kh6 $2 ({Black should play} 52... Kg8 $19 {Strongly threatening ...Rd4.} 53. Rf2 Rd4) 53. Qe3+ $2 {[#]} (53. d6 $1 $11 {and White has nothing to worry.}) 53... Kh7 $2 ({Black should try} 53... Kg6 $1 $19 {And now ...Rd4 would win.} 54. d6 Re4) 54. Rf2 (54. Qd3+ $11 Kg8 55. Rf2) 54... Qd4 55. Qf3 (55. Qd2 $17 Qe5 56. Rf4) 55... Kh6 $19 56. Re2 Rc3 (56... Kg6 $19 57. b6 Rb4) 57. Qf5 {[#]} (57. Qe4 $17) 57... Rd3 $2 (57... Rc1 $1 $19 {Threatens to win with ...Rd1.} 58. Qe4 Qg1+ 59. Kh3 Qf1+ 60. Kh2 c4 61. Qe3+ Kh7 62. Qe4+ f5) 58. Re8 $1 $11 {[%cal Re8h8] The position is equal.} Rd2+ 59. Kh3 {[%cal Re8h8] [#]} Qg4+ $1 {[%mdl 512]} 60. Qxg4 hxg4+ 61. Kxg4 Rxd5 62. Re7 c4 {Accuracy: White = 40%, Black = 67%.} 1/2-1/2

[Event "20. Dolomitenbank Open-A 2019"]
[Site "Lienz"]
[Date "2019.02.11"]
[Round "4.5"]
[White "Low, Zhen Yu Cyrus"]
[Black "Zhang, Ziji"]
[Result "0-1"]
[WhiteElo "2377"]
[BlackElo "2406"]
[Annotator "TA"]
[PlyCount "54"]
[EventDate "2019.02.09"]
[EventType "swiss"]
[EventCountry "AUT"]
[SourceTitle "playchess.com"]
[Source "ChessBase"]
[SourceQuality "1"]

{[%evp 17,54,0,0,-2,6,-16,12,-20,0,-22,-24,-35,-35,-136,-135,-126,-133,-133,144,-133,-127,-121,-125,-129,-133,-147,-137,-254,-255,-329,-340,-335,-327,-382,-374,-505,-509,-717,-462]} 1. e4 e5 2. Nf3 Nc6 3. Bc4 Bc5 4. c3 Nf6 5. d4 exd4 6. e5 d5 7. Bb5 Ne4 8. cxd4 Bb6 9. Nc3 O-O 10. Be3 {C54: Giuoco Piano: 4 c3 Nf6, main lines with 5 d4 and 5 d3} Bd7 11. Bd3 Bg4 12. Bc2 $146 {The position is equal.} ({Predecessor:} 12. Nxe4 dxe4 13. Bxe4 Nxd4 14. O-O Bxf3 15. Bxf3 c6 16. Be4 Qh4 17. f4 Rad8 {½-½ (25) Kryvoruchko,Y (2678)-Adams,M (2740) Tromsoe 2013}) 12... Bh5 13. O-O {[#]} Bxd4 $1 {[%mdl 512]} 14. Bxd4 {aiming for Ne2.} Ng5 $1 {[%cal Rg5f3]} 15. Ne2 ({White has to play} 15. Be3 $15 Nxf3+ 16. gxf3) 15... Nxf3+ $17 16. gxf3 Bxf3 17. Qd3 {[%csl Gc2][%cal Rd3h7]} Qg5+ {[%mdl 64] [#] Double Attack} 18. Ng3 {[%csl Gc2][%cal Rd3h7]} Be4 $1 {[%cal Re4d3]} 19. Qc3 Nxd4 {[%mdl 64] Overworked Piece} 20. Qxd4 Bxc2 21. Rac1 Qg6 22. Qc3 (22. Qxd5 $17 c6 23. Qd6) 22... Bf5 $19 23. Qxc7 Bh3 24. Rfd1 h5 25. Qd6 {If only White now had time for Qxg6....} Qg5 26. Rc3 h4 27. Rdd3 Rac8 {Accuracy: White = 32%, Black = 81%.} 0-1

[Event "20. Dolomitenbank Open-A 2019"]
[Site "Lienz"]
[Date "2019.02.11"]
[Round "4.6"]
[White "Thipsay, Bagyashree Sathe"]
[Black "Gschnitzer, Adrian"]
[Result "1-0"]
[WhiteElo "2062"]
[BlackElo "2382"]
[Annotator "NA RC"]
[PlyCount "97"]
[EventDate "2019.02.09"]
[EventType "swiss"]
[EventCountry "AUT"]
[SourceTitle "playchess.com"]
[Source "ChessBase"]
[SourceQuality "1"]
[TimeControl "40/5400+30:1800+30"]

1. e4 {[%emt 0:00:00]} c5 {[%emt 0:00:00]} 2. Nf3 {[%emt 0:00:00]} Nc6 {[%emt 0:00:00]} 3. d4 {[%emt 0:00:00]} cxd4 {[%emt 0:00:00]} 4. Nxd4 {[%emt 0:00:00]} e5 {[%emt 0:00:42]} 5. Nb5 {[%emt 0:00:34]} d6 {[%emt 0:00:21]} 6. c4 {[%emt 0:00:16]} Be7 {[%emt 0:00:10]} 7. N1c3 {[%emt 0:01:41]} a6 {[%emt 0:00:09]} 8. Na3 {[%emt 0:00:07]} f5 {[%emt 0:00:15]} 9. exf5 {[%emt 0:02:36] LiveBook: 305 Games} Bxf5 {[%emt 0:00:10]} 10. Bd3 {[%emt 0:00:46]} Be6 {[%emt 0:00:10]} 11. O-O {[%emt 0:02:44]} Nf6 {[%emt 0:00:06]} 12. Nc2 {[%emt 0:03:04] B32: Sicilian: Löwenthal and Kalashnikov Variations} O-O {[%emt 0:00:24]} 13. Bg5 {[%emt 0:06:40]} (13. b3 Qd7 14. Bb2 Bd8 15. Ne4 Bb6 16. Qe2 Rad8 17. Kh1 Nxe4 18. Bxe4 {½-½ (50) Yu,Y (2764)-Potapov,P (2516) St Petersburg 2018}) 13... Qe8 {[%emt 0:09:02]} 14. Qe2 {[%emt 0:09:04]} Bd8 $146 {[%emt 0:13:53]} ({Predecessor:} 14... Kh8 15. Rad1 Rc8 16. Ne4 Nxe4 17. Qxe4 Bf5 18. Qe3 e4 19. Be2 Ne5 20. Bxe7 Qxe7 {0-1 (68) Sztokbant,B (2280)-Cubas,J (2455) Sao Paulo 2015}) 15. Rad1 {[%emt 0:06:52]} Nh5 {[%emt 0:10:38]} 16. Be3 {[%emt 0:18:29]} Nf4 {[%emt 0:02:05]} 17. Bxf4 $1 {[%emt 0:01:27]} Rxf4 {[%emt 0:01:18]} 18. Ne4 {[%emt 0:01:20]} Be7 $14 {[%emt 0:12:39]} 19. g3 {[%emt 0:05:39]} Rf8 {[%emt 0:00:22]} 20. Qe3 {[%emt 0:09:37]} Qf7 {[%emt 0:08:48]} 21. b3 {[%emt 0:07:59]} Bh3 {[%emt 0:04:27]} 22. Rfe1 {[%emt 0:00:48]} Rad8 {[%emt 0:06:03]} 23. Bf1 {[%emt 0:01:25]} Bf5 {[%emt 0:00:37]} 24. Bg2 {[%emt 0:00:36]} Kh8 {[%emt 0:00:51]} 25. Rd2 {[%emt 0:04:23]} Qg6 {[%emt 0:01:29]} 26. Red1 {[%emt 0:03:18]} h6 {[%emt 0:05:24]} 27. Rf1 {[%emt 0:03:51]} Bg5 {[%emt 0:05:34]} 28. Nxg5 {[%emt 0:01:49]} hxg5 {[%emt 0:00:09]} 29. Ne1 {[%emt 0:02:16]} Nd4 {[%emt 0:07:49]} 30. Nf3 {[%emt 0:03:07]} Nxf3+ {[%emt 0:01:41]} 31. Bxf3 {[%emt 0:00:02]} Bh3 {[%emt 0:01:17]} 32. Rfd1 {[%emt 0:00:43]} Rd7 {[%emt 0:00:32]} 33. c5 {[%emt 0:00:44]} Rxf3 {[%emt 0:07:21]} 34. Qxf3 {[%emt 0:00:10]} e4 {[%emt 0:00:57]} 35. Qe3 {[%emt 0:00:34]} Qh5 {[%emt 0:00:59]} 36. cxd6 {[%emt 0:01:03]} Bg4 {[%emt 0:00:14]} 37. f3 {[%emt 0:02:11]} Bxf3 {[%emt 0:00:01]} 38. Rc1 {[%emt 0:00:14]} Qh3 {[%emt 0:00:57]} 39. Rcc2 {[%emt 0:01:30]} Qe6 {[%emt 0:01:13]} 40. Qxg5 {[%emt 0:01:16]} e3 {[%emt 0:00:30]} 41. Rc8+ {[%emt 0:30:01]} Kh7 {[%emt 0:30:28]} 42. Rd4 {[%emt 0:00:14]} g6 {[%emt 0:00:00]} 43. Rh4+ {[%emt 0:00:00]} Bh5 {[%emt 0:00:00]} 44. Rxh5+ {[%emt 0:00:00]} gxh5 {[%emt 0:00:00]} 45. Qxh5+ {[%emt 0:00:00]} Kg7 {[%emt 0:00:00]} 46. Qh8+ {[%emt 0:00:00]} Kg6 {[%emt 0:00:00]} 47. Rg8+ {[%emt 0:00:00]} Kf5 {[%emt 0:00:00]} 48. Qh5+ {[%emt 0:00:00]} Ke4 {[%emt 0:00:00]} 49. Re8 {[%emt 0:00:00] Kd5} 1-0

[Event "20. Dolomitenbank Open-A 2019"]
[Site "Lienz"]
[Date "2019.02.11"]
[Round "4.7"]
[White "Liu, Zhaoqi"]
[Black "Istratescu, Andrei"]
[Result "0-1"]
[WhiteElo "2323"]
[BlackElo "2555"]
[Annotator "TA"]
[PlyCount "186"]
[EventDate "2019.02.09"]
[EventType "swiss"]
[EventCountry "AUT"]
[SourceTitle "playchess.com"]
[Source "ChessBase"]
[SourceQuality "1"]

{[%evp 11,186,20,43,39,37,26,40,34,40,30,25,18,31,27,85,83,88,0,0,0,22,0,0,-20,0,0,0,0,0,-34,-37,-30,-17,-28,-14,-25,-8,-8,-7,-7,-8,-8,-7,-6,0,0,0,0,0,0,0,0,0,0,0,-89,-8,-25,-5,0,0,0,0,0,0,-110,-97,-103,-52,-68,-2,-6,-6,-71,-71,-71,-74,-265,-232,-425,-423,-368,-45,-52,-53,-53,-53,-53,-53,-53,-38,-53,-53,-53,-40,-53,0,0,0,-1,0,0,0,0,0,0,0,0,0,0,0,0,0,0,0,0,0,0,0,-15,-14,-24,-16,-18,-16,-29,-31,-47,-50,-52,-56,-278,-297,-427,-347,-358,-224,-493,-486,-479,-462,-8869,-8460,-8460,-7511,-3106,-4133,-2020,-384,-350,-349,-8658,-6289,-9457,-1592,-7153,-9727,-9186,-9043,-6750,-2119,-8307,-1171,-29979,-29980,-29982,-29983,-29983,-29984,-29984,-29985,-29985,-29986,-29986,-29987,-29987,-29987]} 1. c4 Nf6 2. Nc3 e6 3. e4 d5 4. cxd5 exd5 5. e5 Ne4 6. Nf3 c6 {LiveBook: 3 Games. A18: English Opening: Flohr-Mikenas System (1 c4 Nf6 2 Nc3 e6 3 e4)} (6... Bf5 7. d3 Nxc3 8. bxc3 c5 9. d4 Qa5 10. Bd2 Nc6 11. c4 Qd8 12. Qb3 Be6 13. Qxb7 Rc8 14. Ng5 Nxd4 15. Nxe6 fxe6 {½-½ (43) Nepomniachtchi,I (2768)-Anand,V (2771) Batumi 2018}) 7. Be2 Be7 8. O-O O-O {White has an edge.} 9. d4 Bf5 $146 ({Predecessor:} 9... Bg4 10. h3 Bh5 11. Nh2 Bxe2 12. Qxe2 f5 13. Qc2 Na6 14. Re1 {0-1 (40) Gruszczynski,B-Jaloszynski,T Poland 1990}) 10. Be3 Nd7 11. Nd2 Nxd2 12. Qxd2 Bg6 (12... Nb6 $11) 13. f4 $16 f5 14. exf6 (14. Qc2 $16) 14... Nxf6 $11 15. f5 Bf7 16. Bf3 Bb4 17. Qd3 Bxc3 18. Qxc3 Bh5 19. Bxh5 Nxh5 20. Rf3 Qd7 21. Qd3 Rae8 22. Raf1 Re4 23. h3 h6 24. f6 Rxf6 25. Rxf6 Nxf6 {[#]} 26. Bxh6 $1 {[%mdl 512]} Qe6 (26... gxh6 27. Rxf6) 27. Bf4 Re1 28. Be5 Rxf1+ 29. Qxf1 Nd7 30. Bg3 Qe4 31. Qd1 Nf8 32. Kh2 Ne6 33. Qb3 (33. Be5 $11 {remains equal.}) 33... b6 (33... b5 $17 34. Bf2 Nxd4) 34. Qa4 Nxd4 35. Qxa7 Qe2 36. Qb8+ Kh7 37. Qf4 c5 38. Qh4+ (38. Bf2 $11 {keeps the balance.}) 38... Kg6 $17 {( -> ...Nf3+)} 39. Qf4 Nf5 (39... Ne6 $17 40. Qd6 d4) 40. h4 Nxg3 (40... Qe6 $15) 41. Qxg3+ $15 {[%mdl 4096] Endgame KQ-KQ} Kh7 {Black wants to play ...d4.} 42. Qg5 (42. Qf4 $1 $11) 42... Qe6 $1 $17 ({Much worse is} 42... Qxb2 43. Qh5+ Kg8 44. Qe8+ Kh7 45. Qh5+ Kg8 46. Qe8+ Kh7 47. Qh5+ $11) 43. Kg1 d4 44. b3 $2 (44. Kf2 $17 {was worth a try.}) 44... d3 $1 $19 45. Qh5+ $2 (45. Qd2 Qf5 46. a4) 45... Kg8 $1 46. Kf2 d2 $2 ({Better is} 46... b5 $1 $19 {White must now prevent ...c4.} 47. Qf3 c4 48. bxc4 bxc4) 47. Qd1 $15 Qd5 {Threatens to win with ...Qd3.} 48. Ke3 Qxg2 49. Qxd2 Qg3+ 50. Ke2 Qxh4 51. Qd5+ Kh7 52. a4 Qe7+ 53. Kd3 g6 ({Black should try} 53... Kh6 $15) 54. Qc6 $11 Qd8+ 55. Kc2 Qb8 56. Kd3 Qg3+ 57. Kc2 Qf2+ 58. Kc3 Qd4+ 59. Kc2 Qb4 60. Qc7+ Kh6 61. Qh2+ Kg5 62. Qe5+ Kg4 63. Qe6+ Kh5 64. Qe8 Qd4 65. Qe2+ Kg5 66. Qe7+ Kf5 {Hoping for ...Qe4+.} 67. Qf7+ Qf6 68. Qd5+ Qe5 69. Qf7+ Kg5 70. Qb7 Qe6 71. Qg2+ $2 ({White should play} 71. Qh1 $1 $15) 71... Kf6 $19 72. Qa8 {[#]} (72. Kc3 $142 g5 73. Qf3+ Kg6 74. Qd3+ Kh6 75. Qd2) 72... g5 $1 {[%cal Bg6g5,Bg5g4][%mdl 32]} 73. a5 Qe2+ 74. Kc3 $2 (74. Kb1 Qd1+ 75. Ka2) 74... Qe5+ 75. Kc2 bxa5 76. Qxa5 (76. Qh8+ $142 Kf5 77. Qh5) 76... g4 77. Qd8+ Kf5 78. Qf8+ Ke4 79. b4 cxb4 $2 (79... g3 80. bxc5 Qf5) 80. Qxb4+ Kf3 {...Qe4+ is the strong threat.} 81. Qf8+ $2 (81. Qb3+ Kf2 82. Qf7+ Ke1 83. Qa7) 81... Qf4 82. Qg8 g3 83. Qb3+ Qe3 84. Qf7+ Ke2 85. Qc4+ Kf2 86. Qf7+ Kg1 (86... Ke1 $142 87. Qd5 Kf1 88. Qd1+ Qe1) 87. Qg7 g2 {Black mates.} 88. Qa1+ Kf2 89. Qf6+ Ke2 90. Qa6+ {[#]} Kf3 $1 91. Qf6+ Qf4 92. Qc3+ Ke2 93. Qg7 Qf2 {Precision: White = 48%, Black = 65%.} 0-1

[Event "20. Dolomitenbank Open-A 2019"]
[Site "Lienz"]
[Date "2019.02.11"]
[Round "4.8"]
[White "Thakur, Akash"]
[Black "Maiorov, Nikita"]
[Result "1/2-1/2"]
[WhiteElo "2308"]
[BlackElo "2523"]
[Annotator "TA"]
[PlyCount "73"]
[EventDate "2019.02.09"]
[EventType "swiss"]
[EventCountry "AUT"]
[SourceTitle "playchess.com"]
[Source "ChessBase"]
[SourceQuality "1"]

{[%evp 11,73,0,11,0,9,0,0,0,0,0,0,-10,5,0,1,0,0,10,0,-12,0,-11,-11,-12,0,-12,-15,-12,-8,-8,-8,-8,-8,-22,-8,-12,-12,-43,-33,-36,-40,-193,-193,-193,-193,-200,-206,-201,-171,-171,-171,-201,-202,-216,0,-216,-208,-216,-216,-216,-216,-216,0,-216]} 1. e4 e5 2. Nf3 Nc6 3. d4 exd4 4. Nxd4 Bc5 5. Nxc6 Qf6 6. Qf3 bxc6 7. Nd2 {C45: Scotch Game} (7. Nc3 d6 8. Qg3 h5 9. h4 Bd4 10. Bg5 Qe5 11. Qxe5+ Bxe5 12. O-O-O Bxc3 13. bxc3 Be6 14. Rd4 f6 {½-½ (71) Nepomniachtchi,I (2751)-Le,Q (2739) Saint Louis 2017}) 7... d6 8. Nb3 Bb6 9. a4 a5 10. Bd2 Qxf3 11. gxf3 Ne7 12. Rg1 g6 13. Be3 Bxe3 14. fxe3 Be6 $146 ({Predecessor:} 14... Bd7 15. O-O-O c5 16. e5 Bxa4 17. exd6 Bxb3 18. cxb3 cxd6 19. Bb5+ Kf8 20. Rxd6 {½-½ (20) Garau,B (2377)-Kuta,J (2350) ICCF email 2016}) 15. Nd2 f5 16. e5 dxe5 17. Bc4 Bf7 18. O-O-O Nd5 19. Rge1 Nb6 20. Bxf7+ $1 Kxf7 21. Nb3 Ke7 22. Nc5 Rhd8 $36 {[%mdl 2048] Black is pushing.} 23. e4 f4 24. Rxd8 (24. Rd3 {feels hotter.} Rxd3 25. Nxd3 Kf6 26. b3 Nc8 27. h4) 24... Rxd8 $11 {[%mdl 4096] Endgame KRN-KRN} 25. Rd1 Nd7 26. Nxd7 $2 (26. Nd3 $15) 26... Rxd7 $19 27. Rxd7+ Kxd7 $15 {KP-KP} 28. Kd2 c5 {[%cal Bc6c5,Bc5c4][%mdl 32]} 29. Kd3 {[#]} g5 $1 30. h3 h5 31. Ke2 c4 32. c3 Ke6 $2 (32... Ke7 $19 33. Kd2 Kd8) 33. Kf2 $2 {[#]} (33. h4 $1 $11 {and White has nothing to worry.}) 33... g4 $1 $19 {[%mdl 512]} 34. h4 (34. fxg4 hxg4) 34... Kf6 35. Kg2 Kg6 36. Kf2 Kf6 37. Kg2 {Accuracy: White = 47%, Black = 85%.} 1/2-1/2